000 00387nam a2200181Ia 4500
008 210210b1907 xxu||||| |||| 00| 0 eng d
041 _aeng
082 _a829/372
100 _aELIOT (George)
245 _aMill on the floss
260 _aLondon
_b-
_c1907
650 _athe
650 _aon
650 _aMill
650 _afloss
690 _aEnglish Fiction
906 _a016976
999 _c136936
_d136936